| 000 | 01498nam a22003737a 4500 | ||
|---|---|---|---|
| 003 | CHAP | ||
| 005 | 20220329140851.0 | ||
| 008 | 971013s1975 r 00010 d | ||
| 010 | _a58934 | ||
| 011 | _a59906 | ||
| 035 | _a64066 | ||
| 040 | _cCHAP | ||
| 090 | _aFolleto 6764 | ||
| 100 | 0 | 0 |
_aCarvallo Garnica, Sergio. _919713 |
| 245 | _aAplicación de la tasa de rentabilidad financiera en proyectos agropecuarios | ||
| 260 |
_a(s.l.) : _bFondo de Garantía y Fomento para la Agricultura, Ganadería y Avicultura, _c1975 |
||
| 300 |
_a71 p. _b: apénd. |
||
| 490 |
_aFomento para la Agricultura, Ganadería y Avicultura. Serie evaluación de proyectos agropecuarios _v; 10 |
||
| 500 | _ac.4 en bodega | ||
| 590 |
_aBATCH-UPD _b10 _c20130110 _lUCH01 _h1258 |
||
| 590 |
_aBATCH-UPD _b10 _c20130410 _lUCH01 _h0817 |
||
| 590 |
_aBATCH-UPD _b10 _c20130914 _lUCH01 _h0533 |
||
| 590 |
_aBATCH-UPD _b10 _c20130914 _lUCH01 _h2141 |
||
| 590 |
_aCONVERSION _b10 _c20130109 _lUCH01 _h1332 |
||
| 650 | 1 | 4 |
_aBancos y operaciones bancarias _zMéxico. _99926 |
| 650 | 1 | 4 |
_aCrédito agrícola _zMéxico. _929089 |
| 650 | 1 | 4 |
_aProyectos industriales. _992531 |
| 830 | 0 |
_aFomento para la Agricultura, Ganadería y Avicultura. Serie evaluación de proyectos agropecuarios _v; 10 _942089 |
|
| 901 | _aBK | ||
| 942 | _cFOLL | ||
| 949 |
_aFolleto 6764 _bBC _cFOLL _d-139317 _eTS1 _i64066 _si |
||
| 949 |
_aFolleto 6764 _bBC _cFOLL _d-139318 _eTS2 _fc.2 _i64066 _si |
||
| 949 |
_aFolleto 6764 _bBC _cFOLL _d-139319 _eTS2 _fc.3 _i64066 _si |
||
| 999 |
_c58934 _d58934 |
||